Neutrons Axial channeling in the crystals; RReps'11. Radiation from Relativistic Electrons in Periodic Structures

Opis bibliograficzny
Parent link:RReps'11. Radiation from Relativistic Electrons in Periodic Structures.— 2011.— С. 107
1. autor: Korotchenko K. B. Konstantin Borisovich
Kolejni autorzy: Kunashenko Yu. P. Yuriy Petrovich
Język:angielski
Wydane: 2011
Hasła przedmiotowe:
Format: Rozdział
KOHA link:https://koha.lib.tpu.ru/cgi-bin/koha/opac-detail.pl?biblionumber=245154

MARC

LEADER 00000naa2a2200000 4500
001 245154
005 20260112145846.0
035 |a (RuTPU)RU\TPU\book\266559 
035 |a RU\TPU\book\266481 
090 |a 245154 
100 |a 20131106d2011 k||y0rusy50 ba 
101 0 |a eng 
102 |a RU 
200 1 |a Neutrons Axial channeling in the crystals  |f K. B. Korotchenko, Yu. P. Kunashenko 
320 |a Библиогр.: 9 (назв.) 
463 0 |0 (RuTPU)RU\TPU\book\250355  |t RReps'11. Radiation from Relativistic Electrons in Periodic Structures  |o IX International Symposium, 12-16 September 2011, Egham, United Kingdom  |f RReps'11. Radiation from Relativistic Electrons in Periodic Structures, International Symposium ; Tomsk Polytechnic University (TPU)  |v С. 107  |d 2011 
610 1 |a труды учёных ТПУ 
610 1 |a нейтроны 
610 1 |a каналирование 
610 1 |a осевое каналирование 
610 1 |a кристаллы 
700 1 |a Korotchenko  |b K. B.  |c physicis  |c Professor of Tomsk Polytechnic University, doctor of physical and mathematical Sciences  |f 1949-  |g Konstantin Borisovich  |3 (RuTPU)RU\TPU\pers\31536  |9 15697 
701 1 |a Kunashenko  |b Yu. P.  |c physicist  |c professor of Tomsk Polytechnic University  |f 1958-  |g Yuriy Petrovich  |3 (RuTPU)RU\TPU\pers\31544 
801 1 |a RU  |b 63413507  |c 20131028 
801 2 |a RU  |b 63413507  |c 20131129  |g RCR 
942 |c BK